Subministrament d'aigua i tifus a Barcelona (1914-1915) / Jaume de Ramon i Vidal
Descripción Física:
78 p. ; 16'8 cm
Colección:
Episodis de la història ; 306, 307
MARC
| LEADER | 00000nam a2200000Ia 4500 | ||
|---|---|---|---|
| 001 | 11512 | ||
| 008 | 160829s1996 xx 000 0 cat d | ||
| 080 | |a H-1-277 | ||
| 100 | |a Ramon i Vidal, Jaume de |9 22705 | ||
| 245 | |a Subministrament d'aigua i tifus a Barcelona (1914-1915) / Jaume de Ramon i Vidal | ||
| 260 | |a Barcelona : |b Rafael Dalmau, |c 1996 | ||
| 300 | |a 78 p. ; |c 16'8 cm | ||
| 490 | |a Episodis de la història ; 306, 307 | ||
| 650 | |a Epidèmies |x Barcelona |x 1914/1915 |9 22706 | ||
| 650 | |a Febre tifoide |x Barcelona |x 1914/1915 |9 22707 | ||
| 901 | |a Arxiu | ||
| 942 | |n 1 | ||
| 952 | |0 0 |1 0 |4 0 |6 H1277 |7 1 |9 42300 |a Arxiu |b Arxiu |d 2016-12-01 |l 0 |o H-1-277 |p 11512 |r 2016-12-01 00:00:00 |w 2016-12-01 |y ARXIU | ||
| 999 | |c 44778 |d 44778 | ||